00570 a2200181 4500003000500000005001700005020001500022040000900037082001900046100001300065245010400078250002100182260003700203300002500240505007600265600001300341650003400354Nust20221202183851.0 a9812141251 cNust a621.381528,BPB aA......Z aUp-to-date world's transistors-diodes-thyristors & IC 's comparison tables a.....zbVolume-1 /cBPB anew 2003 edition aBPB PublicationbNew Delhic2003 a1074 pbillusc24 cm aComparison Table Reference Table (Page-2), Pin Assignments (Page-1074). aA......Z aTelecommunication Engineering